[Event "GRE-ch Univ Students online 1st"]
[Site "Tornelo INT"]
[Date "2022.05.28"]
[Round "6"]
[White "Kyriazi, Smaragda"]
[Black "Rousos, Stamatios"]
[Result "0-1"]
[WhiteElo "1314"]
[BlackElo "1732"]
[PlyCount "48"]
[EventDate "2022.05.28"]
[EventType "swiss (rapid)"]
[EventRounds "9"]
[EventCountry "GRE"]
[SourceTitle "EXT 2024"]
[Source "ChessBase"]
[SourceDate "2023.10.10"]
[SourceVersion "1"]
[SourceVersionDate "2023.10.10"]
[SourceQuality "1"]

1. d4 Nf6 2. Bf4 e6 3. e3 Be7 4. c3 0-0 5. Nf3 b6 6. Nbd2 Bb7 7. Bd3 d6 8. h4 Nbd7 9. g4 e5 10. Bg5 e4 11. Bxf6 Nxf6 12. g5 exd3 13. gxf6 Bxf6 14. h5 Qd7 15. h6 g6 16. Qb3 Qf5 17. Nh4 Bxh4 18. Rxh4 Qg5 19. Rh3 Qg1+ 20. Nf1 Bg2 21. Rg3 Qxf1+ 22. Kd2 Qe2+ 23. Kc1 d2+ 24. Kc2 d1Q# 0-1

[Event "GRE-chT 45th"]
[Site "Achaia"]
[Date "2017.07.05"]
[Round "4.4"]
[White "Grammatikaki, Aggeliki"]
[Black "Kyriazi, Smaragda"]
[Result "0-1"]
[WhiteElo "1623"]
[BlackElo "1384"]
[PlyCount "76"]
[EventDate "2017.07.03"]
[EventType "team-swiss"]
[EventRounds "7"]
[EventCountry "GRE"]
[SourceTitle "CBM 179 Extra"]
[Source "ChessBase"]
[SourceDate "2017.08.23"]
[SourceVersion "1"]
[SourceVersionDate "2017.08.23"]
[SourceQuality "1"]
[WhiteTeam "Heraklion CN"]
[BlackTeam "Irakleiou Attikis"]
[WhiteTeamCountry "GRE"]
[BlackTeamCountry "GRE"]

1. c4 e6 2. Nc3 f5 3. Nf3 Nf6 4. e3 b6 5. d4 Bb7 6. Bd3 Bb4 7. Qb3 Bxc3+ 8. bxc3 0-0 9. Ba3 Re8 10. c5 Ne4 11. h4 Kh8 12. Ne5 Qf6 13. f3 Nxc5 14. Bxc5 d6 15. Qa4 Rd8 16. Bxd6 cxd6 17. Nc4 Nc6 18. Kf2 Ne7 19. Rh3 e5 20. Qd1 e4 21. Be2 f4 22. exf4 Qxf4 23. Qd2 Qf7 24. Kg1 exf3 25. gxf3 Nd5 26. Rg3 Nf4 27. Bd3 Rac8 28. Nb2 Re8 29. Bc4 Bd5 30. Bxd5 Nxd5 31. c4 Nf4 32. Re1 Rxe1+ 33. Qxe1 Re8 34. Qf2 Re2 35. Qf1 Rxb2 36. Rg4 Qf5 37. Rxf4 Qxf4 38. Qe1 Qxd4+ 0-1

[Event "GRE-chT 45th"]
[Site "Achaia"]
[Date "2017.07.03"]
[Round "1.8"]
[White "Patriki, Alexandra"]
[Black "Kyriazi, Smaragda"]
[Result "1-0"]
[WhiteElo "1202"]
[BlackElo "1384"]
[PlyCount "57"]
[EventDate "2017.07.03"]
[EventType "team-swiss"]
[EventRounds "7"]
[EventCountry "GRE"]
[SourceTitle "CBM 179 Extra"]
[Source "ChessBase"]
[SourceDate "2017.08.23"]
[SourceVersion "1"]
[SourceVersionDate "2017.08.23"]
[SourceQuality "1"]
[WhiteTeam "Florinas OP"]
[BlackTeam "Irakleiou Attikis"]
[WhiteTeamCountry "GRE"]
[BlackTeamCountry "GRE"]

1. e4 e6 2. d4 d5 3. Nd2 Nf6 4. e5 Nfd7 5. f4 c5 6. c3 Nc6 7. Ndf3 Qb6 8. g3 cxd4 9. cxd4 Bb4+ 10. Kf2 f6 11. Kg2 0-0 12. Bd3 Be7 13. Ne2 fxe5 14. fxe5 Nb4 15. Bb1 Qa6 16. a3 Nb6 17. axb4 Qxa1 18. Bg5 Qxb2 19. Bxe7 Nc4 20. Qd3 Re8 21. Kf2 g6 22. Bf6 Qa3 23. Nc3 Nb2 24. Qb5 Rf8 25. Nxd5 exd5 26. Qxd5+ Rf7 27. Ng5 Nd3+ 28. Bxd3 Qa2+ 29. Qxa2 1-0

[Event "Attica-ch U14 Girls"]
[Site "Athens"]
[Date "2014.04.13"]
[Round "4.3"]
[White "Kyriazi, Smaragda"]
[Black "Palioura, Paraskevi"]
[Result "1-0"]
[WhiteElo "1176"]
[BlackElo "1163"]
[PlyCount "69"]
[EventDate "2014.04.11"]
[EventType "swiss"]
[EventRounds "7"]
[EventCountry "GRE"]
[SourceTitle "EXT 2024"]
[Source "ChessBase"]
[SourceDate "2023.10.10"]
[SourceVersion "1"]
[SourceVersionDate "2023.10.10"]
[SourceQuality "1"]

1. e4 c5 2. Nf3 e6 3. d4 cxd4 4. Nxd4 Nc6 5. Be3 Qc7 6. Nc3 a6 7. Qd2 Nf6 8. 0-0-0 Bb4 9. f3 d5 10. Nxc6 Qxc6 11. e5 Nd7 12. Bd4 0-0 13. Bd3 a5 14. a3 Bc5 15. Bb5 Qc7 16. Bxd7 Bxd7 17. Qg5 Bxd4 18. Rxd4 h6 19. Qg3 b5 20. Rg4 g6 21. h4 h5 22. Rg5 Kh7 23. Qf2 b4 24. axb4 axb4 25. Nb1 Rfc8 26. g4 hxg4 27. fxg4 Ba4 28. Rh2 Ra6 29. c3 bxc3 30. bxc3 Bb3 31. h5 Kh6 32. Qh4 Rc6 33. hxg6+ Kg7 34. Qh6+ Kg8 35. Qh8# 1-0